| 000 | 00481nam a2200181Ia 4500 | ||
|---|---|---|---|
| 005 | 20250508151421.0 | ||
| 008 | 008 250505s9999 xx 000 0 eng d | ||
| 037 | _aTextual | ||
| 040 |
_aFEDL _beng _cFEDL |
||
| 041 |
_aeng _2eng |
||
| 084 |
_a947, FAI _qFEDL |
||
| 100 | _aFainsod Merle | ||
| 245 | 0 | _aHow Russia is ruled | |
| 260 |
_aCambridge _bHarvard University Press _c1953 |
||
| 300 | _axi,575p. | ||
| 942 |
_cTEXL _h947, FAI |
||
| 999 |
_c1329646 _d1329646 |
||